LANDMVRKS, Fantasy, list of all songs - Statistics

General Stats
  • This quiz has been taken 6 times
  • The average score is 7 of 11
Answer Stats
Hint Answer % Correct
1 Fantasy
100%
3 Scars (Feat. NOVELISTS)
100%
8 Alive (Feat. Bliss Sigh)
80%
5 Blistering
80%
9 Dead Inside
60%
11 Disdain
60%
6 False Reality
60%
10 Kurhah
60%
4 The Worst of You and Me
60%
7 Reckoning (Feat. ten56.)
40%
2 Wake up Call
40%
No matching quizzes found
Score Distribution
Percent of People with Each Score
Percentile by Number Answered
Your Score History
You have not taken this quiz